| 000 | 00716nam a22002417a 4500 | ||
|---|---|---|---|
| 003 | OSt | ||
| 005 | 20250425160206.0 | ||
| 008 | 210318s1978 ck ||||er|||| 00| j spa d | ||
| 040 |
_aCO-JMCR _cCO-JMCR |
||
| 041 | 0 | _aspa | |
| 082 | 0 | 4 |
_aA-N _bROJp _223 |
| 100 | 1 |
_aRojas, Israel, _eautor _936326 |
|
| 245 | 1 | 0 |
_aPor los senderos del mundo / _cIsrael Rojas R. |
| 250 | _a4a. edición | ||
| 260 |
_aBogotá : _bTip. Hispana, _c1978. |
||
| 300 |
_a292 páginas ; _c17 cm. |
||
| 650 | 1 | 4 |
_aNovela histórica colombiana. _98067 |
| 650 | 2 | 4 |
_aNovela colombiana. _936327 |
| 650 | 2 | 4 |
_aConocimiento. _xNovela _936328 |
| 650 | 2 | 4 |
_aAlma. _xNovela _936329 |
| 650 | 2 | 4 |
_aVida en el campo. _xNovela _936330 |
| 942 |
_2ddc _cBK |
||
| 999 |
_c15437 _d15437 |
||